000
00298nam a22001337a 4500
008
170731b xxu||||| |||| 00| 0 eng d
020
_a
061910113-X
041
_a
eng
080
_2
3RD
_a
004
100
_a
32
101
_a
SHK
245
_a
CREATING WEB PAGES WITH HTML
_c
CAREY,P
942
_2
udc
_c
BK
999
_c
22211
_d
22211